| 000 | 00540nam a2200205Ia 4500 | ||
|---|---|---|---|
| 003 | OSt | ||
| 005 | 20230607093059.0 | ||
| 008 | 210423s2003 xx 000 0 und d | ||
| 040 | _cAL | ||
| 041 | _aeng | ||
| 082 |
_a331 UCHL _223 |
||
| 100 |
_aUCHIKAWA (Shuji) _9121041 |
||
| 245 | _aLabour market and institution in india | ||
| 260 |
_bManohar Publications _c2003 |
||
| 365 |
_b400 _cINR |
||
| 650 |
_aEconomics _9121042 |
||
| 650 |
_aLabour Economics _9121043 |
||
| 906 | _aindia ; institution ; Labour ; market | ||
| 942 |
_2ddc _cBK |
||
| 999 |
_c173823 _d173823 |
||